Fishes of Kentucky - Statistics

General Stats
  • This quiz has been taken 84 times
  • The average score is 33 of 266
Answer Stats
Fish Group Fish Species % Correct
Sunfishes Bluegill
80%
Basses Largemouth Bass
80%
Basses Smallmouth Bass
80%
Catfishes Flathead Catfish
70%
Basses Rock Bass
70%
Basses Spotted Bass
70%
Catfishes Blue Catfish
60%
Catfishes Channel Catfish
60%
Darters Rainbow Darter
60%
Salmonids Rainbow Trout
60%
Temperate Basses Striped Bass
60%
Temperate Basses White Bass
60%
Gars Alligator Gar
50%
Carps Bighead Carp
50%
Bullheads Black Bullhead
50%
Crappies Black Crappie
50%
Bowfins Bowfin
50%
Salmonids Brook Trout
50%
Salmonids Brown Trout
50%
Carps Grass Carp
50%
Sturgeons Lake Sturgeon
50%
Pikes Northern Pike
50%
Sturgeons Shovelnose Sturgeon
50%
Buffalos Smallmouth Buffalo
50%
Crappies White Crappie
50%
Temperate Basses Yellow Bass
50%
Bullheads Yellow Bullhead
50%
Pikes Chain Pickerel
40%
Carps Common Carp
40%
Chubs Creek Chub
40%
Pikes Grass Pickerel
40%
Sunfishes Longear Sunfish
40%
Gars Longnose Gar
40%
Pikes Muskellunge
40%
Suckers Northern Hog Sucker
40%
Sunfishes Redear Sunfish
40%
Carps Silver Carp
40%
Perches Walleye
40%
Perches Yellow Perch
40%
Eels American Eel
30%
Paddlefishes American Paddlefish
30%
Minnows Bluntnose Minnow
30%
Bullheads Brown Bullhead
30%
Herrings/Shads Gizzard Shad
30%
Redhorses Golden Redhorse
30%
Shiners Golden Shiner
30%
Sunfishes Green Sunfish
30%
Mooneyes Mooneye
30%
Perches Northern Logperch
30%
Killifishes Northern Studfish
30%
Perches Sauger
30%
Herrings/Shads Skipjack Herring
30%
Catfishes Stonecat
30%
Catfishes White Catfish
30%
Darters Banded Darter
20%
Buffalos Bigmouth Buffalo
20%
Buffalos Black Buffalo
20%
Carps Black Carp
20%
Madtoms Brindled Madtom
20%
Stonerollers Central Stoneroller
20%
Darters Fantail Darter
20%
Mooneyes Goldeye
20%
Darters Johnny Darter
20%
Darters Kentucky Arrow Darter
20%
Livebearers Mosquitofish
20%
Sculpins Mottled Sculpin
20%
Lampreys Ohio Lamprey
20%
Darters Orangethroat Darter
20%
Smelts Rainbow Smelt
20%
Basses Redeye Bass
20%
Chubs River Chub
20%
Gars Shortnose Gar
20%
Daces Southern Redbelly Dace
20%
Gars Spotted Gar
20%
Sunfishes Warmouth
20%
Herrings/Shads American Shad
10%
Killifishes Banded Killifish
10%
Silversides Brook Silverside
10%
Cods Burbot
10%
Salmonids Cutthroat Trout
10%
Darters Emerald Darter
10%
Minnows Fathead Minnow
10%
Sunfishes Flier
10%
Darters Frecklebelly Darter
10%
Drums Freshwater Drum
10%
Carps Goldfish
10%
Darters Greenside Darter
10%
Chubsuckers Lake Chubsucker
10%
Salmonids Lake Trout
10%
Daces Mountain Redbelly Dace
10%
Sunfishes Orangespotted Sunfish
10%
Sturgeons Pallid Sturgeon
10%
Pirate-Perches Pirate Perch
10%
Sunfishes Pumpkinseed
10%
Carpsuckers Quillback Carpsucker
10%
Sunfishes Redbreast Sunfish
10%
Sunfishes Redspotted Sunfish
10%
Darters River Darter
10%
Redhorses River Redhorse
10%
Shiners Rosyface Shiner
10%
Minnows Silverjaw Minnow
10%
Lampreys Silver Lamprey
10%
Shiners Silver Shiner
10%
Redhorses Smallmouth Redhorse
10%
Darters Spotted Darter
10%
Darters Striped Darter
10%
Darters Swamp Darter
10%
Herrings/Shads Threadfin Shad
10%
Trout-Perches Trout-Perch
10%
Darters Variegate Darter
10%
Daces Western Blacknose Dace
10%
Chubsuckers Western Creek Chubsucker
10%
Temperate Basses White Perch
10%
Suckers White Sucker
10%
Herrings/Shads Alewife
0%
Lampreys American Brook Lamprey
0%
Needlefishes Atlantic Needlefish
0%
Pygmy Sunfishes Banded Pygmy Sunfish
0%
Sculpins Banded Sculpin
0%
Darters Bandfin Darter
0%
Sunfishes Bantam Sunfish
0%
Darters Barcheek Darter
0%
Chubs Bigeye Chub
0%
Shiners Bigeye Shiner
0%
Shiners Bigmouth Shiner
0%
Suckers Blackfin Sucker
0%
Redhorses Black Redhorse
0%
Daces Blackside Dace
0%
Darters Blackside Darter
0%
Killifishes Blackspotted Topminnow
0%
Killifishes Blackstripe Topminnow
0%
Redhorses Blacktail Redhorse
0%
Shiners Blacktail Shiner
0%
Darters Bloodfin Darter
0%
Chubs Blotched Chub
0%
Darters Bluebreast Darter
0%
Darters Bluegrass Darter
0%
Suckers Blue Sucker
0%
Shiners Bluntface Shiner
0%
Darters Bluntnose Darter
0%
Darters Brighteye Darter
0%
Sticklebacks Brook Stickleback
0%
Madtoms Brown Madtom
0%
Darters Buck Darter
0%
Darters Buffalo Darter
0%
Minnows Bullhead Minnow
0%
Mudminnows Central Mudminnow
0%
Darters Channel Darter
0%
Shiners Channel Shiner
0%
Lampreys Chestnut Lamprey
0%
Salmonids Coho Salmon
0%
Darters Cumberland Arrow Darter
0%
Darters Cumberland Darter
0%
Darters Cypress Darter
0%
Minnows Cypress Minnow
0%
Sunfishes Dollar Sunfish
0%
Darters Dusky Darter
0%
Darters Eastern Sand Darter
0%
Darters Eastrim Darter
0%
Madtoms Elegant Madtom
0%
Shiners Emerald Shiner
0%
Darters Firebelly Darter
0%
Chubs Flame Chub
0%
Chubs Flathead Chub
0%
Madtoms Freckled Madtom
0%
Darters Fringed Darter
0%
Shiners Ghost Shiner
0%
Darters Gilt Darter
0%
Killifishes Golden Topminnow
0%
Darters Goldstripe Darter
0%
Darters Guardian Darter
0%
Darters Gulf Darter
0%
Darters Harlequin Darter
0%
Darters Headwater Darter
0%
Carpsuckers Highfin Carpsucker
0%
Darters Highland Rim Darter
0%
Shiners Highland Shiner
0%
Chubs Hornyhead Chub
0%
Darters Kentucky Darter
0%
Stonerollers Largescale Stoneroller
0%
Lampreys Least Brook Lamprey
0%
Madtoms Least Madtom
0%
Darters Longhead Darter
0%
Daces Longnose Dace
0%
Suckers Longnose Sucker
0%
Darters Mamequit Darter
0%
Shiners Mimic Shiner
0%
Silversides Mississippi Silverside
0%
Minnows Mississippi Silvery Minnow
0%
Lampreys Mountain Brook Lamprey
0%
Madtoms Mountain Madtom
0%
Darters Mud Darter
0%
Lampreys Northern Brook Lamprey
0%
Cavefishes Northern Cavefish
0%
Madtoms Northern Madtom
0%
Sunfishes Northern Sunfish
0%
Stonerollers Ohio Stoneroller
0%
Darters Olive Darter
0%
Darters Orangefin Darter
0%
Minnows Ozark Minnow
0%
Shiners Palezone Shiner
0%
Shiners Pallid Shiner
0%
Minnows Plains Minnow
0%
Shiners Popeye Shiner
0%
Minnows Pugnose Minnow
0%
Shiners Redfin Shiner
0%
Darters Redline Darter
0%
Darters Redlips Darter
0%
Shiners Red Shiner
0%
Daces Redside Dace
0%
Chubs Redtail Chub
0%
Darters Relict Darter
0%
Shiners Ribbon Shiner
0%
Carpsuckers River Carpsucker
0%
Shiners River Shiner
0%
Daces Rosyside Dace
0%
Darters Saddleback Darter
0%
Darters Saffron Darter
0%
Shiners Sand Shiner
0%
Shiners Sawfin Shiner
0%
Shiners Scarlet Shiner
0%
Darters Sharpnose Darter
0%
Darters Shawnee Darter
0%
Darters Sheltowee Darter
0%
Chubs Shoal Chub
0%
Chubs Sicklefin Chub
0%
Shiners Silverband Shiner
0%
Chubs Silver Chub
0%
Redhorses Silver Redhorse
0%
Darters Slabrock Darter
0%
Darters Slenderhead Darter
0%
Madtoms Slender Madtom
0%
Darters Slough Darter
0%
Darters Smallscale Darter
0%
Darters Snubnose Darter
0%
Lampreys Southern Brook Lamprey
0%
Cavefishes Southern Cavefish
0%
Darters Speckled Darter
0%
Darters Splendid Darter
0%
Shiners Spotfin Shiner
0%
Darters Spottail Darter
0%
Shiners Spottail Shiner
0%
Suckers Spotted Sucker
0%
Cavefishes Spring Cavefish
0%
Minnows Stargazing Minnow
0%
Killifishes Starhead Topminnow
0%
Shiners Steelcolor Shiner
0%
Darters Stone Darter
0%
Chubs Streamline Chub
0%
Mullets Striped Mullet
0%
Shiners Striped Shiner
0%
Darters Stripetail Darter
0%
Chubs Sturgeon Chub
0%
Minnows Suckermouth Minnow
0%
Madtoms Tadpole Madtom
0%
Shiners Taillight Shiner
0%
Darters Teardrop Darter
0%
Shiners Telescope Shiner
0%
Shiners Tennessee Shiner
0%
Darters Tippecanoe Darter
0%
Minnows Tonguetied Minnow
0%
Darters Tuxedo Darter
0%
Darters Warioto Darter
0%
Darters Western Sand Darter
0%
Darters Westrim Darter
0%
Shiners Whitetail Shiner
0%
No matching quizzes found
Score Distribution
Percent of People with Each Score
Percentile by Number Answered
Your Score History
You have not taken this quiz